Normal view
MARC view
- Wani Reena & Walia Indarjit
Entry Personal Name
001 - CONTROL NUMBER
- control field: 179989
003 - CONTROL NUMBER IDENTIFIER
- control field: OSt
005 - DATE AND TIME OF LATEST TRANSACTION
- control field: 20230314152847.0
008 - FIXED-LENGTH DATA ELEMENTS
- fixed length control field: 230314|| aca||aabn | a|a d
040 ## - CATALOGING SOURCE
- Original cataloging agency: OSt
- Transcribing agency: OSt
100 ## - HEADING--PERSONAL NAME
- Personal name: Wani Reena & Walia Indarjit
670 ## - SOURCE DATA FOUND
- Source citation: Work cat.: (OSt)142213: Wani Reena & Walia Indarjit, Textbook of Midwifery for Nurses, 2017